000 01231nam a2200349 a 4500
001 000114830
003 CHAP
005 20220329144500.0
008 180425s2011 sp a |r| ||||||spa d
010 _a111291
011 _a112263
020 _a9788489862760
040 _cCHAP
082 0 4 _a574.526364655
_bC74
100 1 _aConesa Mor, Josep Antoni
_9135202
245 1 3 _aLos salados de Monegros y su entorno :
_bhábitats y paisaje vegetal /
_cpor Josep Antoni Conesa Mor, Carmen Castañeda del Álamo y Joan Pedrol Solanes.
260 _aZaragoza, España :
_bConsejo de Protección de la Naturaleza de Aragón,
_c2011.
300 _a540 p. :
_bil.
490 _aSerie Conservación
_v3
590 _aBATCH-UPD
_b05
_c20180426
_lUCH01
_h0134
590 _aE5765TAJ
_b05
_c20180425
_lUCH01
_h1109
650 1 4 _aEcosistemas
_zMonegros (España).
_9135204
650 1 4 _aPlantas
_zMonegros (España).
_9135205
650 1 4 _aSuelos salinos
_zMonegros (España).
_9135207
650 1 4 _aZonas húmedas
_zMonegros (España).
_9135206
700 1 _aCastañeda del Álamo Cármen
_919902
700 1 _aPedrol Solanes, Joan
_9135203
830 0 _aSerie Conservación
_v3
_9104661
901 _aBK
942 _cLIBRO
942 _n0
999 _c111291
_d111291